header

Innovative financing for development (Record no. 13660)

MARC details
000 -LEADER
fixed length control field 01316nam a2200337Ia 4500
082 04 - DEWEY DECIMAL CLASSIFICATION NUMBER
Classification number 338.9009172/4
245 00 - TITLE STATEMENT
Title Innovative financing for development
260 ## - PUBLICATION, DISTRIBUTION, ETC. (IMPRINT)
Place of publication Washington, DC :
Name of publisher World Bank,
Year of publication 2008, c2009.
300 ## - PHYSICAL DESCRIPTION
Number of Pages xvi, 201 p. :
Other physical details ill.
650 #0 - SUBJECT ADDED ENTRY--TOPICAL TERM
Topical Term Economic assistance
Topical Term Finance
700 1# - ADDED ENTRY--PERSONAL NAME
Personal name Ketkar, Suhas.
Personal name Ratha, Dilip.
856 40 - ELECTRONIC LOCATION AND ACCESS
Uniform Resource Identifier http://site.ebrary.com/lib/rucke/Doc?id=10252465

No items available.

© 2026 Rongo University
Contact us: librarian | system librarian | Rongo university